|
|
|
|
| LEADER |
04322nam a22003973i 4500 |
| 001 |
EBC6956416 |
| 003 |
MiAaPQ |
| 005 |
20231204023223.0 |
| 006 |
m o d | |
| 007 |
cr cnu|||||||| |
| 008 |
231204s2022 xx o ||||0 ger d |
| 020 |
|
|
|a 9783839461440
|q (electronic bk.)
|
| 020 |
|
|
|z 9783732861446
|
| 035 |
|
|
|a (MiAaPQ)EBC6956416
|
| 035 |
|
|
|a (Au-PeEL)EBL6956416
|
| 035 |
|
|
|a (OCoLC)1312162912
|
| 040 |
|
|
|a MiAaPQ
|b eng
|e rda
|e pn
|c MiAaPQ
|d MiAaPQ
|
| 100 |
1 |
|
|a Federer, Lucas.
|
| 245 |
1 |
0 |
|a Zwischen Internationalismus und Sachpolitik :
|b Die trotzkistische Bewegung in der Schweiz, 1945-1968.
|
| 250 |
|
|
|a 1st ed.
|
| 264 |
|
1 |
|a Bielefeld :
|b transcript,
|c 2022.
|
| 264 |
|
4 |
|c ©2022.
|
| 300 |
|
|
|a 1 online resource (363 pages)
|
| 336 |
|
|
|a text
|b txt
|2 rdacontent
|
| 337 |
|
|
|a computer
|b c
|2 rdamedia
|
| 338 |
|
|
|a online resource
|b cr
|2 rdacarrier
|
| 490 |
1 |
|
|a Histoire
|
| 505 |
0 |
|
|a Cover -- Inhalt -- Danksagung -- 1. Einleitung -- 1.1 Annäherung an eine bewegte Geschichte -- 1.2 Methodische und thematische Überlegungen -- 1.3 Was ist Trotzkismus und was sind TrotzkistInnen? -- 1.4 Die Schweizer TrotzkistInnen erforschen -- 1.5 Aufbau der Arbeit -- Teil 1: Über den Zweiten Weltkrieg hinaus. Traditionen und Neubelebung des Trotzkismus in der Schweiz -- 2. Der Zweite Weltkrieg als prägende Zeit -- 2.1 11. Juni 1940 -- 2.2 Die Schweizer Linke und die Landesverteidigung -- 2.3 Die einzige Kraft gegen den Krieg und die Armee? -- 2.4 Vom Zweiten Weltkrieg in den Kalten Krieg -- 3 Vom gelebten Internationalismus zur Sachpolitik -- 3.1 Die Entstehung eines Leitungstrios des Schweizer Trotzkismus -- 3.2 Umbrüche in der Welt und in der Vierten Internationale -- 3.3 Die Suche nach Organisations- und Ausdrucksformen -- 3.4 Auftritt und Außenwirkung -- 4 Das Private und die Politik -- 4.1 Politischer Anspruch und soziale Realität der trotzkistischen Organisationen -- 4.2 Politische Charaktere im Privaten: Die Politik und das eigene Leben -- 4.3 Die finanziellen Ressourcen der Schweizer TrotzkistInnen -- Teil 2: Internationalismus und transnationale Netzwerke -- 5 Überwachung der TrotzkistInnen und Unterwanderung ihrer Organisationen -- 5.1 Die Fichen der TrotzkistInnen -- 5.2 Auswirkungen von Überwachung und Diffamierung -- 5.3 Der Fall Otto Freitag -- 6 Sozialismus und internationale Solidarität -- 6.1 Der Krieg in Algerien und der aufkommende Tiersmondismus -- 6.2 Hausdurchsuchungen am 11. Juli 1956 in Zürich -- 6.3 Schweiz - Frankreich - Algerien -- 6.4 Inhaltlicher Austausch: Die algerische Revolution und der Sozialismus -- 6.5 Von der MNA‑Propaganda zum Komitee Schweiz‑Algerien -- 7 Der Kampf gegen die Atombombe -- 7.1 Die Entstehung der Schweizerischen Bewegung gegen atomare Aufrüstung.
|
| 505 |
8 |
|
|a 7.2 Die Zusammensetzung der Schweizerischen Bewegung gegen atomare Aufrüstung und die Rolle der TrotzkistInnen -- 7.3 Internationale Kontakte und Vernetzung -- 7.4 Die Antiatomwaffenbewegung und die politische Linke -- Teil 3: Opposition im Umbruch und Wandel -- 8 Der Umbruch der politischen Linken in den 1960er‑Jahren -- 8.1 Der Schweizer Trotzkismus und die Linke im Wandel -- 8.2 Das Verschwinden des Sozialistischen Arbeiterbunds -- 8.3 Die trotzkistischen Ideen und Figuren als Kristallisationspunkt und als Reibungsfläche -- 9 1968 als Umbruch und Neuanfang -- 9.1 1968 und die Deutschschweizer TrotzkistInnen -- 9.2 Die Gründung der Revolutionären Marxistischen Liga -- 10 Schluss -- Anhang -- Kurzbiografien -- Interviews -- Archivbestände -- Verzeichnisse -- Abbildungen -- Abkürzungen -- Literatur.
|
| 588 |
|
|
|a Description based on publisher supplied metadata and other sources.
|
| 590 |
|
|
|a Electronic reproduction. Ann Arbor, Michigan : ProQuest Ebook Central, 2023. Available via World Wide Web. Access may be limited to ProQuest Ebook Central affiliated libraries.
|
| 655 |
|
4 |
|a Electronic books.
|
| 776 |
0 |
8 |
|i Print version:
|a Federer, Lucas
|t Zwischen Internationalismus und Sachpolitik
|d Bielefeld : transcript,c2022
|z 9783732861446
|
| 797 |
2 |
|
|a ProQuest (Firm)
|
| 830 |
|
0 |
|a Histoire
|
| 856 |
4 |
0 |
|u https://ebookcentral.proquest.com/lib/matrademy/detail.action?docID=6956416
|z Click to View
|